Žena z Krakova

Bibliographic Details
Main Author: Rosenberg, Alex (Author)
Other Authors: Hrúziková, Daniela (Translator)
Format: Book
Language:Slovak
English
PhysicalDescription:412 strán 21 cm
Published: [Bratislava] Motýľ 2019
ISBN:9788081642005
Subjects:

MARC

LEADER 00000cam a2200000 4500
001 vtls011905342
003 SK-MaSNL
005 20260301102448.0
008 191204s2019 xo g 000 f slo
015 |a SNBA2022/07 
020 |a 9788081642005  |q (viazané) 
040 |a SNK  |b slo  |c SNK  |e rda 
041 1 |a slo  |h eng 
044 |a xo  |c SK 
072 7 |a 821.111(73)-3  |x Americká próza  |2 konspekt 
080 |a 821.111(73)-31  |2 2011 
080 |a (0:82-312.4)  |2 2011 
080 |a 94(100)"1939/1945"  |2 2011 
080 |a (=411.16)  |2 2011 
080 |a (0:82-311.6)  |2 2011 
100 1 |a Rosenberg, Alex  |4 aut  |9 438269 
240 1 4 |a The girl from Krakow  |l Slovensky 
245 1 0 |a Žena z Krakova  |c Alex Rosenberg ; z anglického originálu The girl from Krakow ... preložila Daniela Hrúziková 
264 1 |a [Bratislava]  |b Motýľ  |c 2019 
300 |a 412 strán  |c 21 cm 
336 |a text  |b txt  |2 rdacontent 
337 |a bez média  |b n  |2 rdamedia 
338 |a zväzok  |b nc  |2 rdacarrier 
500 |a Miesto vydania podľa NA ISBN 
650 0 7 |a druhá svetová vojna (1939-1945)  |2 SNKPH  |9 169657 
650 0 7 |a World War (1939-1945)  |2 SNKPHeng  |9 284172 
650 0 7 |a Židia  |2 SNKPH  |9 3760 
650 0 7 |a Jews  |2 SNKPHeng  |9 267345 
655 7 |a americké romány  |2 SNKPH  |9 1174 
655 7 |a trilery (romány)  |2 SNKPH  |9 151146 
655 7 |a American fiction  |2 SNKPHeng  |9 281076 
655 7 |a Thrillers (novels)  |2 SNKPHeng  |9 310918 
655 7 |a historické romány  |2 SNKPH  |9 70253 
655 7 |a Historical novels  |2 SNKPHeng  |9 276887 
700 1 |a Hrúziková, Daniela  |4 trl  |9 174584 
919 |a 978-80-8164-200-5 
954 |a beletria cudzojazyčná (svetová)  |2 lita 
958 |a LX 
958 |a UP 
968 |b ENG 
999 |c 692239  |d 694169 
952 |a SNK  |b SNK  |y PREZ  |7 0  |p 17A1491998  |o snkSC 198152  |i snk2022/10779  |8 0  |0 0  |1 0  |4 0  |d 2022-06-29  |f 1  |l 0  |r 2025-10-20 00:00:00  |w 2026-02-23 
952 |a SNK  |b SNK  |y VYP  |7 0  |p 17A1491999  |o snkSC 198152 D1  |i snk2022/10780  |8 0  |0 0  |1 0  |4 0  |d 2022-06-29  |l 0  |r 2026-02-23 20:31:08  |w 2026-02-23